Diagnostika podnikateľského prostredia so zameraním sa na nové vývojové trendy ako nástroje konkurenčnej výhody
Salvato in:
| Autore principale: | |
|---|---|
| Altri autori: | , , , |
| Natura: | Libro |
| Lingua: | slovacco |
| Pubblicazione: |
Praha
Wolters Kluwer
2016
|
| Edizione: | 1. vyd. |
| Soggetti: | |
| Tags: |
Nessun Tag, puoi essere il primo ad aggiungerne!!
|
MARC
| LEADER | 00000nlm a2200000 4500 | ||
|---|---|---|---|
| 001 | 0224639 | ||
| 005 | 20240704103141.0 | ||
| 020 | |a 978-80-7552-472-0 | ||
| 041 | 0 | |a slo | |
| 044 | |a CZ | ||
| 245 | 1 | 0 | |a Diagnostika podnikateľského prostredia so zameraním sa na nové vývojové trendy ako nástroje konkurenčnej výhody |c Stanislava Deáková, Denisa Gajdová, Martin Križan ; recenzenti: Helena Majdúchová, Lilia Dvořáková |
| 250 | |a 1. vyd. | ||
| 264 | 1 | |a Praha |b Wolters Kluwer |c 2016 | |
| 300 | |a CD-ROM [220 s., 10,51 AH] | ||
| 610 | 2 | 0 | |a diagnostika podniková |
| 610 | 2 | 0 | |a prostredie podnikateľské |
| 610 | 2 | 0 | |a podnik malý |
| 610 | 2 | 0 | |a podnik stredný |
| 610 | 2 | 0 | |a Slovensko |
| 610 | 2 | 0 | |a Európska únia |
| 610 | 2 | 0 | |a kooperácia medzipodniková |
| 610 | 2 | 0 | |a ochrana súťaže hospodárskej |
| 610 | 2 | 0 | |a franšíza |
| 610 | 2 | 0 | |a klaster |
| 610 | 2 | 0 | |a družstvá |
| 610 | 2 | 0 | |a majetok nehmotný |
| 610 | 2 | 0 | |a vlastníctvo duševné |
| 100 | 1 | |a Deáková, Stanislava, 1974- | |
| 700 | 1 | |a Gajdová, Denisa, 1977- | |
| 700 | 1 | |a Križan, Martin | |
| 700 | 1 | |a Majdúchová, Helena, 1963- | |
| 700 | 1 | |a Dvořáková, Lilia | |